000 01463cam a22003494a 4500
005 20230530142426.0
008 050725s2006 njua b 001 0 eng
010 _a 2005021353
020 _a0471734276 (hdbk.)
035 _a(OCoLC)ocm61162269
040 _aDLC
_cDLC
_dYDX
_dBAKER
_dUKM
_dIXA
_dCOO
_dEYE
_dDLC
042 _apcc
050 0 0 _aQA76.76.E95
_bP533 2006
082 0 0 _a006.33
_222
_bJOR-P
100 _aJorna,Rene J
245 0 0 _aPlanning in intelligent systems :
_baspects, motivations, and methods /
_cedited by Wout van Wezel, Rene Jorna, Alexander Meystel.
260 _aHoboken, N.J. :
_bWiley-Interscience,
_cc2006.
300 _axii, 574 p. :
_bill. ;
_c25 cm.
500 _a"A John Wiley & Sons publication."
504 _aIncludes bibliographical references (p. 531-563) and indexes.
650 0 _aExpert systems (Computer science)
650 0 _aIntelligent control systems.
650 0 _aArtificial intelligence.
700 1 _aWezel, Wout van.
700 1 _aJorna, Rene.
700 1 _aMeystel, A.
856 4 1 _3Table of contents
_uhttp://www.loc.gov/catdir/toc/ecip0516/2005021353.html
856 4 2 _3Publisher description
_uhttp://www.loc.gov/catdir/enhancements/fy0622/2005021353-d.html
906 _a7
_bcbc
_corignew
_d1
_eecip
_f20
_gy-gencatlg
999 _c18547
_d18547